[Event "Belgrade Winter op"]
[Site "Belgrade"]
[Date "2004.01.23"]
[Round "3"]
[White "Visnjic, Milan"]
[Black "Jovanovic, Sasa T"]
[Result "0-1"]
[WhiteElo "2033"]
[BlackElo "2297"]
[PlyCount "86"]
[EventDate "2004.01.21"]
[EventType "swiss"]
[EventRounds "9"]
[EventCountry "YUG"]
[SourceTitle "CBM 098 Extra"]
[Source "ChessBase"]
[SourceDate "2004.03.10"]
[SourceVersion "2"]
[SourceVersionDate "2004.03.10"]
[SourceQuality "1"]

1. d4 d5 2. c4 c6 3. Nc3 Nf6 4. cxd5 cxd5 5. Nf3 Nc6 6. e3 a6 7. Bd3 Bg4 8. h3 Bh5 9. Be2 e6 10. a3 Bd6 11. Bd2 0-0 12. Rc1 Qe7 13. Na4 Ne4 14. b4 Bxf3 15. Bxf3 Nxd2 16. Qxd2 a5 17. Nc5 axb4 18. axb4 b6 19. Nd3 Nxb4 20. 0-0 Ra2 21. Qc3 g6 22. Nxb4 Bxb4 23. Qc6 Ba5 24. e4 dxe4 25. Bxe4 Qh4 26. Rc4 Be1 27. Rc2 Rxc2 28. Qxc2 Bb4 29. Qb1 Bc3 30. d5 Bd4 31. Qd3 e5 32. Qe2 Rd8 33. Kh2 Kg7 34. g3 Qe7 35. Rd1 Qc5 36. Bg2 b5 37. g4 b4 38. f4 exf4 39. Qe4 Be3 40. Rb1 Bd2 41. Rd1 Qe3 42. Qc2 Rxd5 43. Bxd5 Qg3+ 0-1